| 000 | 00960nam a2200265Ia 4500 | ||
|---|---|---|---|
| 003 | OSt | ||
| 005 | 20221005104806.0 | ||
| 006 | a|||||r|||| 00| 0 | ||
| 007 | ta | ||
| 008 | 221004b |||||||| |||| 00| 0 hin d | ||
| 020 |
_a9789350701300 (hbk) _c995 |
||
| 024 | _a17677 | ||
| 037 |
_b116, 21/03/2015, Mallika Books _cTextual |
||
| 040 |
_aCRL _cCRL _bhin |
||
| 041 |
_2hin _ahin |
||
| 082 | _aP44, 152[Q5] | ||
| 100 | _aराज़दान, रंजना | ||
| 245 | 0 |
_aभारतीय भाषाएॅं _b एक इंद्रधनुष |
|
| 246 | _aBhāratīya bhāṣhāeॅan: ek iandradhanuṣha | ||
| 260 |
_aदिल्ली _bशान्ति प्रकाशन भारत _c2014 |
||
| 300 |
_a293पृ0 _ccm. |
||
| 650 | _aहिन्दी भाषा | ||
| 942 |
_hP44, 152[Q5] _cTEXL _2cc |
||
| 999 |
_c1013804 _d1013804 |
||